000 00524nam a2200169 i 4500
001 63432
003 ES-MaACL
005 20230906164851.0
007 t|
008 031210s1959 sp ||||1| spa d
100 1 _aFerrer, Ricardo.
_950435
245 1 0 _a128 esquemas prácticos de electricidad /
_cRicardo Ferrer.
260 _aBarcelona :
_bSintes,
_c[1959] (
_fSalvadó)
300 _a189 p. :
_bil. ;
_c25 cm.
740 0 _aCiento veintiocho esquemas prácticos de electricidad.
852 _aES-MaACL
_jC-17416
_bR.45421
999 _c63432
_d63432